Food technology/ (Record no. 2593)
[ view plain ]
| 000 -LEADER | |
|---|---|
| fixed length control field | 00640nam a22002057a 4500 |
| 003 - CONTROL NUMBER IDENTIFIER | |
| control field | OSt |
| 005 - DATE AND TIME OF LATEST TRANSACTION | |
| control field | 20160518185422.0 |
| 008 - FIXED-LENGTH DATA ELEMENTS--GENERAL INFORMATION | |
| fixed length control field | 160518b xxu||||| |||| 00| 0 eng d |
| 020 ## - INTERNATIONAL STANDARD BOOK NUMBER | |
| International Standard Book Number | 971-30-1267-4 |
| 040 ## - CATALOGING SOURCE | |
| Transcribing agency | LIC |
| 082 ## - DEWEY DECIMAL CLASSIFICATION NUMBER | |
| Edition number | 2006 |
| Classification number | DFil 664.0091 |
| Item number | F73 |
| 245 ## - TITLE STATEMENT | |
| Title | Food technology/ |
| Statement of responsibility, etc. | edited by Sonia Y. De Leon and Farah R. Galvez. |
| 260 ## - PUBLICATION, DISTRIBUTION, ETC. (IMPRINT) | |
| Place of publication, distribution, etc. | Manila: |
| Name of publisher, distributor, etc. | Merriam & Webster Book Store, Inc., |
| Date of publication, distribution, etc. | c2006. |
| 300 ## - PHYSICAL DESCRIPTION | |
| Extent | xi, 247 pages: |
| Other physical details | illustrations; |
| Dimensions | 25 cm. |
| 500 ## - GENERAL NOTE | |
| General note | Includes index. |
| 650 #0 - SUBJECT ADDED ENTRY--TOPICAL TERM | |
| 9 (RLIN) | 8562 |
| Topical term or geographic name as entry element | Food industry and trade. |
| 700 ## - ADDED ENTRY--PERSONAL NAME | |
| 9 (RLIN) | 8565 |
| Personal name | De Leon, Sonia Y. |
| Relator term | editor |
| 700 ## - ADDED ENTRY--PERSONAL NAME | |
| 9 (RLIN) | 8566 |
| Personal name | Galvez, Farah R. |
| 942 ## - ADDED ENTRY ELEMENTS (KOHA) | |
| Source of classification or shelving scheme | Dewey Decimal Classification |
| Koha item type | Filipiniana |
| Withdrawn status | Lost status | Source of classification or shelving scheme | Damaged status | Not for loan | Collection code | Home library | Current library | Date acquired | Source of acquisition | Total Checkouts | Full call number | Barcode | Date last seen | Price effective from | Koha item type |
|---|---|---|---|---|---|---|---|---|---|---|---|---|---|---|---|
| Dewey Decimal Classification | Filipiniana | UM Digos College - LIC | UM Digos College - LIC | 10/24/2008 | Purchased | DFil 664.0091 F73 2006 | 19794 | 05/15/2025 | 05/18/2016 | Filipiniana |
